000 00687cab a2200241 4500
001 WB3518-16
008 090401t1999 xxu||||| |||| 00| 0 eng d
035 _a(Sirsi) u93326
041 _aeng
245 _aWe`ll get back to you
260 _c1999
350 _a0
490 _aBuilding Design
_v(1394) 7 May 1999, 7(1)
520 _aPresents a ranking of organisations who are able to field journalist's enquiries on current leading issues. In joint first place is the RICS and the CIC.
650 _aCIC
650 _aENQUIRIES
650 _aORGANISATIONS
650 _aRANKING
650 _aRICS
690 _aECONOMIC AND SOCIAL
942 _n0
948 _c13/05/1999
999 _c59153
_d59153